| 000 | 00375nam a22001577a 4500 | ||
|---|---|---|---|
| 003 | SGT | ||
| 020 | _a978-0723608233 | ||
| 082 |
_a617.525 _bM96H |
||
| 100 | _a Howe, Geoffrey | ||
| 245 | _aMinor Oral Surgery | ||
| 250 | _a3rd | ||
| 260 |
_aDADAR (MUMBAI) _b Varghesh Publisher, John Wright _c1995 |
||
| 300 | _a1-430 | ||
| 650 | _aORAL SURGERY | ||
| 942 |
_2ddc _cBK _011 |
||
| 999 |
_c21844 _d21844 |
||